000 00616cam a2200241 4500
001 M1355
008 090401t1993 xxu||||| |||| 00| 0 eng d
035 _a(Sirsi) u31313
041 _aeng
050 _a627.4
110 _aMinistry of Agriculture Fisheries and Food
245 _aCoastal defence and the environment: a guide to good practice.
260 _aLondon
_bMAFF
_c1993
300 _a156p. ; 30cm.
350 _a0
650 _aCOASTAL CONSERVATION
650 _aCOASTAL DEFENCES
650 _aEnvironment
_96238
650 _aFLOODING
690 _aWATER
942 _n0
948 _c04/03/1997
999 _c89578
_d89578